000 00278nam a22001337a 4500
008 170307b xxu||||| |||| 00| 0 eng d
020 _a9780060466824
041 _aeng
080 _a611
100 _a6
101 _aSHM
245 _aHUMAN BODY
_cTORTORA.G.J
942 _2udc
_cBK
999 _c7022
_d7022